000 00672 a2200205 4500
999 _c26602
_d26602
008 230620b ||||| |||| 00| 0 eng d
020 _a9789389538038
_cRs895.00
041 0 _aeng
082 0 0 _a330
_bS1938
100 _aSamuelson, P. A.
245 _aEconomics /
_cPaul A. Samuelson, William D. Nordhaus ; adapted by Sudip Chaudhuri, and Anindya Sen
250 _a20th ed.
260 _aChennai:
_bMcGraw Hill Education (India) Pvt. Ltd.,
_c2022.
300 _axlix, 945 p. :
_bill. ;
_c24 cm
650 0 _aEconomics
700 _95232
_aNordhaus, William D.
700 _95493
_aChaudhuri, Sudip
_eadaptor
700 _95494
_aSen, Anindya
_eadaptor
942 _2ddc
_cBK